00000000nam##2200000za#4500
0019.574225
003CaOODSP
00520210624184100
007cr |||||||||||
008150406|2007||||xxc|||||o    f|0| 0 eng|d
022 |a1488-5379
040 |aCaOODSP|beng
043 |an-cn---
0861 |aFs97-6/2685E-PDF
1101 |aCanada. |bDepartment of Fisheries and Oceans.
24514|aThe effect of sock spacing on the productivity of mussel on a longline system / |h[electronic resource]|cby A. Drapeau ... [et al.].
260 |aMoncton - New Brunswick : |bFisheries and Oceans Canada |c2007.
300 |a30p.|bfigs., graphs, maps (some coloured), references, tables
4901 |aCanadian technical report of fisheries and aquatic sciences|x1488-5379|v2685
500 |aThe catalogue number (Fs97-6/2685E) and ISSN (0706-6457) for the print edition have been incorrectly copied in this electronic publication.
546 |a(Résumé en français)
590 |a12-27-Supp|b2012-06-12
7201 |aDrapeau, A.
7760#|tThe effect of sock spacing on the productivity of mussel on a longline system / |w(CaOODSP)9.618294
830#0|aCanadian technical report of fisheries and aquatic sciences,|x1488-5379|v2685|w(CaOODSP)9.504449
85640|ahttp://publications.gc.ca|qPDF|s417 KB|uhttps://publications.gc.ca/collections/collection_2012/mpo-dfo/Fs97-6-2685-eng.pdf|y2685